000 00683nam a2200217 i 4500
001 12483
003 ES-MaACL
005 20230906150324.0
008 921202s1990 sp ||||0| spa d
020 _a84-7232-571-7
080 _a860(82)-14"19"
100 1 _aSylvester, Santiago.
_9108967
245 1 0 _aEntreacto
_b: (poesía 1974-1989) /
_cSantiago Sylvester.
260 _aMadrid :
_bCultura Hispánica :
_bAgencia Española de Cooperación Internacional,
_c[1990]
300 _a105 p ;
_c20 cm.
490 1 _aPoesía
710 2 _aAgencia Española de Cooperación Internacional.
_91266
830 1 _aPoesía
_9177794
852 _aES-MaACL
_jL-19662
999 _c12483
_d12483